[Event "4NCL/Div1/SLO1 vs. WGR2"]
[Site "West Bromwich ENG"]
[Date "2003.10.18"]
[Round "1.1"]
[White "Dearing, Eddie"]
[Black "Littlewood, Paul E"]
[Result "1-0"]
[WhiteElo "2376"]
[BlackElo "2390"]
[PlyCount "103"]
[EventDate "2003.10.18"]

1. d4 Nf6 2. c4 e6 3. Nc3 Bb4 4. Qc2 O-O 5. a3 Bxc3+ 6. Qxc3 b6 7. Bg5 Bb7 8.
e3 d6 9. f3 Nbd7 10. Bd3 h6 11. Bh4 e5 12. Bf5 Qe8 13. O-O-O e4 14. d5 b5 15.
Rd4 bxc4 16. fxe4 g5 17. Bg3 Nc5 18. Qxc4 Ba6 19. Qc2 Qb5 20. b4 Nd3+ 21. Kb1
Ne5 22. Nf3 Nc4 23. Qc3 Rab8 24. Rc1 Nb6 25. Qxc7 Qe2 26. Re1 Qxg2 27. Qxd6 Nc4
28. Rxc4 Bxc4 29. Qxf6 Rbc8 30. Bf2 Qxf2 31. Bh7+ Kxh7 32. Nxg5+ hxg5 33. Qxf2
Bd3+ 34. Ka1 Rc2 35. Qf5+ Kh6 36. Qf6+ Kh5 37. Qf3+ Kh6 38. Rd1 Bc4 39. Qf6+
Kh5 40. Rg1 Rg8 41. Qf3+ Kg6 42. Qf5+ Kh6 43. e5 Ra2+ 44. Kb1 Bxd5 45. Qh3+ Kg6
46. e4 Be6 47. Qh4 f6 48. exf6 Kxf6 49. Qh6+ Ke7 50. Rxg5 Rf8 51. Rg7+ Kd6 52.
e5+ 1-0

[Event "4NCL/Div1/SLO1 vs. WGR2"]
[Site "West Bromwich ENG"]
[Date "2003.10.18"]
[Round "1.2"]
[White "Sowray, Peter J"]
[Black "McNab, Colin A"]
[Result "1/2-1/2"]
[WhiteElo "2360"]
[BlackElo "2379"]
[PlyCount "107"]
[EventDate "2003.10.18"]

1. d4 d6 2. Nf3 g6 3. c4 Bg7 4. Nc3 Nd7 5. e4 e5 6. Be2 Ngf6 7. Be3 O-O 8. d5
a5 9. Nd2 Ne8 10. g4 f5 11. gxf5 gxf5 12. exf5 Ndf6 13. Bd3 e4 14. Ndxe4 Nxe4
15. Bxe4 Qh4 16. Qf3 Nf6 17. Bd3 Ng4 18. O-O-O Ne5 19. Qg3 Qxg3 20. hxg3 Bxf5
21. Bxf5 Rxf5 22. Rh4 h5 23. Ne2 Ng4 24. Nd4 Re5 25. Rdh1 Nxe3 26. fxe3 Bf6 27.
Rxh5 Rxe3 28. Ne6 Rxg3 29. Rh7 Rg1+ 30. Rxg1+ Kxh7 31. Kc2 c6 32. Ng5+ Bxg5 33.
Rxg5 Kh6 34. Rg3 cxd5 35. cxd5 b5 36. Kd3 Rc8 37. Re3 Kg5 38. Re6 Rd8 39. Ke4
Rd7 40. b3 a4 41. Kd4 Kf5 42. Kc3 Rc7+ 43. Kb4 Rc2 44. Ka3 Rd2 45. Rxd6 Ke5 46.
Rb6 Kxd5 47. Rxb5+ Kc6 48. bxa4 Rd4 49. Kb3 Rh4 50. Rb8 Kc7 51. Rb5 Kc6 52. a3
Rg4 53. Rb8 Rg7 54. Rb4 1/2-1/2

[Event "4NCL/Div1/SLO1 vs. WGR2"]
[Site "West Bromwich ENG"]
[Date "2003.10.18"]
[Round "1.3"]
[White "Devereaux, Maxim"]
[Black "McDonald, Neil"]
[Result "0-1"]
[WhiteElo "2329"]
[BlackElo "2380"]
[PlyCount "90"]
[EventDate "2003.10.18"]

1. c4 e5 2. g3 Nc6 3. Nc3 Nf6 4. Bg2 g6 5. Rb1 a5 6. d3 Bg7 7. e4 d6 8. Nge2
O-O 9. O-O Be6 10. a3 Qd7 11. b4 axb4 12. axb4 Bh3 13. b5 Ne7 14. Bg5 Bxg2 15.
Kxg2 Nh5 16. Bxe7 Qxe7 17. Qd2 f5 18. f3 Rf7 19. Ra1 Rxa1 20. Rxa1 Qf8 21. Qe3
Bh6 22. Qf2 Ng7 23. Ra7 Ne6 24. Ng1 Nc5 25. Qa2 Kg7 26. Nd5 Qd8 27. Ra8 Qg5 28.
f4 Qg4 29. Ne3 Qh5 30. Qa7 Nd7 31. Qa1 fxe4 32. dxe4 Nf6 33. Nf3 Bxf4 34. gxf4
Nxe4 35. f5 gxf5 36. Nxe5 dxe5 37. Qxe5+ Kh6 38. Qf4+ Qg5+ 39. Qxg5+ Kxg5 40.
Nd5 f4 41. Rg8+ Kh4 42. Re8 Nd6 43. Re7 Rxe7 44. Nxe7 Nxc4 45. Nd5 Ne3+ 0-1

[Event "4NCL/Div1/SLO1 vs. WGR2"]
[Site "West Bromwich ENG"]
[Date "2003.10.18"]
[Round "1.5"]
[White "Johnson, Nigel A"]
[Black "Lawson, David"]
[Result "0-1"]
[WhiteElo "1664"]
[BlackElo "2240"]
[PlyCount "112"]
[EventDate "2003.10.18"]

1. f4 c5 2. Nf3 Nf6 3. e3 g6 4. Be2 Bg7 5. O-O O-O 6. c3 b6 7. d4 Bb7 8. Nbd2
d6 9. Re1 Nbd7 10. Nf1 Qc7 11. Ng3 e5 12. fxe5 dxe5 13. Qb3 Rac8 14. Bd2 e4 15.
Ng5 c4 16. Qc2 Qc6 17. Rf1 h6 18. Nh3 Nh7 19. Nf4 f5 20. h4 h5 21. Be1 Bh6 22.
Qd1 Rf6 23. Bd2 Bxf4 24. Rxf4 Ndf8 25. Bxh5 Ne6 26. Bxg6 Nxf4 27. Bxf5 Ng6 28.
Bxc8 Qxc8 29. Qh5 Qe6 30. Ne2 Qf5 31. Qxf5 Rxf5 32. Be1 Rh5 33. g3 Nf6 34. Nf4
Nxf4 35. exf4 e3 36. b3 Bd5 37. bxc4 Bxc4 38. Kg2 Bd5+ 39. Kh3 Be6+ 40. Kg2
Bd5+ 41. Kh3 Bf3 42. c4 Rh7 43. Rc1 Re7 44. Rc3 Kf7 45. c5 Nd5 46. Rb3 Re4 47.
cxb6 axb6 48. Rd3 Be2 49. Ra3 Rxd4 50. Ra7+ Ke6 51. g4 Rxf4 52. g5 Rf1 53. Bg3
Bf3 54. g6 Rh1+ 55. Bh2 Nf4+ 56. Kg3 e2 0-1

[Event "4NCL/Div1/GUI1 vs. MMNWE1"]
[Site "West Bromwich ENG"]
[Date "2003.10.18"]
[Round "1.1"]
[White "Rowson, Jonathan"]
[Black "Hanley, Craig A"]
[Result "1-0"]
[WhiteElo "2541"]
[BlackElo "2322"]
[PlyCount "71"]
[EventDate "2003.10.18"]

1. e4 d5 2. exd5 Qxd5 3. Nf3 Bg4 4. Be2 Nc6 5. Nc3 Qd7 6. O-O Nf6 7. b4 O-O-O
8. b5 Nd4 9. Nxd4 Qxd4 10. a4 e6 11. a5 Bd6 12. g3 h5 13. Ra4 Bxe2 14. Qxe2 Qe5
15. Qf3 h4 16. a6 b6 17. Ba3 Bxa3 18. Rxa3 hxg3 19. hxg3 Qh5 20. Qxh5 Rxh5 21.
d3 Rdh8 22. Kg2 Rh2+ 23. Kf3 R8h5 24. Ra4 Rc5 25. Rc4 Rhh5 26. Ke2 Rxc4 27.
dxc4 Nd7 28. f4 Nc5 29. Ke3 f5 30. Ne2 Ne4 31. Nd4 Rh3 32. Nc6 Rxg3+ 33. Kd4
Kd7 34. Rh1 Nd6 35. Rh8 Ne8 36. Nxa7 1-0

[Event "4NCL/Div1/GUI1 vs. MMNWE1"]
[Site "West Bromwich ENG"]
[Date "2003.10.18"]
[Round "1.3"]
[White "Cherniaev, Alexander"]
[Black "Crouch, Colin S"]
[Result "1/2-1/2"]
[WhiteElo "2476"]
[BlackElo "2377"]
[PlyCount "119"]
[EventDate "2003.10.18"]

1. Nf3 Nf6 2. c4 b6 3. g3 Bb7 4. Bg2 e6 5. O-O Be7 6. b3 O-O 7. Bb2 c5 8. e3
Nc6 9. Qe2 d5 10. Rd1 Qc7 11. Nc3 Rad8 12. Rac1 Qb8 13. d4 cxd4 14. exd4 dxc4
15. bxc4 Rfe8 16. h4 Na5 17. Ng5 Bxg2 18. Kxg2 Qb7+ 19. Kg1 Rc8 20. c5 bxc5 21.
dxc5 Rxc5 22. Nce4 Qb5 23. Qxb5 Rxb5 24. Bd4 Nxe4 25. Nxe4 Rb4 26. Bc5 Bxc5 27.
Rxc5 Nb7 28. Rc7 Rxe4 29. Rxb7 a5 30. Rdd7 Rf8 31. Ra7 Ra4 32. Rd2 g6 33. Kg2
Kg7 34. Rc2 Kf6 35. Rb2 h5 36. Rc2 e5 37. Rb2 Kf5 38. Rc2 f6 39. Ra6 g5 40.
hxg5 Kxg5 41. Rc5 Rxa2 42. Rcxa5 Rxa5 43. Rxa5 Rb8 44. Ra4 Rb2 45. Ra8 e4 46.
Re8 f5 47. Rg8+ Kf6 48. Re8 Ra2 49. Kg1 Ra7 50. Rh8 Kg6 51. Rg8+ Rg7 52. Rh8
Kg5 53. Kg2 Kg4 54. Rh6 Rg5 55. Rh8 Rg7 56. Rh6 f4 57. Rf6 fxg3 58. fxg3 Re7
59. Rf4+ Kg5 60. Kf2 1/2-1/2

[Event "4NCL/Div1/GUI1 vs. MMNWE1"]
[Site "West Bromwich ENG"]
[Date "2003.10.18"]
[Round "1.4"]
[White "Quillan, Gary"]
[Black "Plaskett, James"]
[Result "0-1"]
[WhiteElo "2323"]
[BlackElo "2483"]
[PlyCount "78"]
[EventDate "2003.10.18"]

1. e4 c5 2. Nf3 e6 3. d3 Nc6 4. g3 d5 5. Nbd2 Nf6 6. Bg2 Be7 7. O-O O-O 8. Re1
b5 9. e5 Nd7 10. Nf1 a5 11. h4 b4 12. h5 a4 13. a3 Qc7 14. Bf4 bxa3 15. bxa3
Rb8 16. Ne3 Qa5 17. Ng4 Nd4 18. h6 g6 19. Qc1 Re8 20. Bg5 Bf8 21. Bd2 Nxf3+ 22.
Bxf3 Qa6 23. Bg5 Bb7 24. Qf4 Bc6 25. Bg2 Rb2 26. Re3 d4 27. Bxc6 Qxc6 28. Rf3
f5 29. Nf6+ Nxf6 30. Bxf6 Rxc2 31. g4 fxg4 32. Rg3 c4 33. Rxg4 cxd3 34. Rxg6+
hxg6 35. h7+ Kxh7 36. Qh4+ Bh6 37. Bg5 Kg8 38. Qxh6 Qe4 39. Rf1 Qg4+ 0-1

[Event "4NCL/Div1/GUI1 vs. MMNWE1"]
[Site "West Bromwich ENG"]
[Date "2003.10.18"]
[Round "1.5"]
[White "Gormally, Daniel W"]
[Black "Kennaugh, Charles W"]
[Result "1-0"]
[WhiteElo "2471"]
[BlackElo "2290"]
[PlyCount "95"]
[EventDate "2003.10.18"]

1. Nf3 d5 2. d4 c6 3. c4 e6 4. Nc3 dxc4 5. Bg5 Qc7 6. e3 b5 7. a4 Bb4 8. Nd2
Bb7 9. axb5 Bxc3 10. bxc3 cxb5 11. Bf4 Qc6 12. Qg4 Kf8 13. Be2 Qxg2 14. Qxg2
Bxg2 15. Rg1 Bc6 16. Bd6+ Ne7 17. O-O-O Nd7 18. Rg3 Rg8 19. e4 Nf6 20. Re3 Rd8
21. Ba3 Rd7 22. f4 Ke8 23. Rf1 Kd8 24. f5 exf5 25. d5 Nexd5 26. exd5 Nxd5 27.
Rg3 f4 28. Rh3 Re8 29. Bf3 Re3 30. Bg4 f5 31. Bxf5 Rf7 32. Bg4 Rxh3 33. Bxh3
Nxc3 34. Bb2 Ne4 35. Nf3 c3 36. Ba3 Rf6 37. Re1 Kc7 38. Nd4 Nf2 39. Bf1 Kb6 40.
Re5 Ng4 41. Bc5+ Kb7 42. Re7+ Kc8 43. Rxg7 Bd7 44. Nxb5 Nxh2 45. Nxa7+ Kb8 46.
Bd3 Bc6 47. Bd4 Re6 48. Be5+ 1-0

[Event "4NCL/Div1/GUI1 vs. MMNWE1"]
[Site "West Bromwich ENG"]
[Date "2003.10.18"]
[Round "1.6"]
[White "Lund, D Brett"]
[Black "King, Daniel J"]
[Result "0-1"]
[WhiteElo "2231"]
[BlackElo "2503"]
[PlyCount "68"]
[EventDate "2003.10.18"]

1. c4 b6 2. Nc3 Bb7 3. e4 e6 4. Nge2 Nf6 5. d3 c5 6. g3 d5 7. exd5 exd5 8. Bg2
Qd7 9. O-O d4 10. Ne4 Nxe4 11. dxe4 Bd6 12. Nf4 Bxf4 13. Bxf4 Nc6 14. Qh5 O-O
15. Bh3 Qe7 16. Rae1 d3 17. Bd2 Nd4 18. f3 Ne2+ 19. Kh1 Rfe8 20. Qg5 f6 21. Qe3
Rad8 22. b3 Qe5 23. Rb1 Qh5 24. Kg2 Rd4 25. Bg4 Qg6 26. Bf5 Qf7 27. Qf2 g6 28.
Bh3 Rdxe4 29. Kh1 R4e5 30. Bg2 Nd4 31. Qg1 Re2 32. Rbd1 Rxg2 33. Qxg2 Re2 34.
Qh3 Nxf3 0-1

[Event "4NCL/Div1/GUI1 vs. MMNWE1"]
[Site "West Bromwich ENG"]
[Date "2003.10.18"]
[Round "1.7"]
[White "Abergel, Thal"]
[Black "Tebb, David J"]
[Result "1-0"]
[WhiteElo "2430"]
[BlackElo "2240"]
[PlyCount "29"]
[EventDate "2003.10.18"]

1. e4 c5 2. Nc3 Nc6 3. Bb5 Nd4 4. Bc4 g6 5. Nf3 Bg7 6. O-O e6 7. Nxd4 cxd4 8.
Nb5 d5 9. exd5 exd5 10. Bxd5 a6 11. Qf3 Nf6 12. Re1+ Kf8 13. Qa3+ Kg8 14. Bxf7+
Kxf7 15. Nd6+ 1-0

[Event "4NCL/Div1/GUI1 vs. MMNWE1"]
[Site "West Bromwich ENG"]
[Date "2003.10.18"]
[Round "1.8"]
[White "Milligan, Helen"]
[Black "Lang, Heather"]
[Result "0-1"]
[WhiteElo "2076"]
[BlackElo "2070"]
[PlyCount "132"]
[EventDate "2003.10.18"]

1. e4 e5 2. Nf3 Nc6 3. d4 exd4 4. Nxd4 Bb4+ 5. c3 Be7 6. Nxc6 bxc6 7. Bd3 d6 8.
O-O Nf6 9. Nd2 O-O 10. Qc2 h6 11. Nf3 Re8 12. Bd2 Bf8 13. h3 c5 14. Rae1 Bb7
15. c4 Rb8 16. Bf4 g6 17. Bh2 Bg7 18. e5 Nh7 19. e6 f5 20. b3 Bxf3 21. gxf3 Ng5
22. Kh1 Nxf3 23. Re3 Nd4 24. Qd1 Qf6 25. Rfe1 Re7 26. Bf1 Rbe8 27. Bg2 f4 28.
Re4 f3 29. Bf1 Rxe6 30. Rxe6 Rxe6 31. Bg3 g5 32. Bd3 h5 33. Be4 Kf8 34. Bd3 Qe7
35. Rxe6 Qxe6 36. Bf1 Be5 37. Qd2 Qf5 38. Qd3 Qxd3 39. Bxd3 Bxg3 40. fxg3 Kf7
41. Kg1 h4 42. gxh4 gxh4 43. Kf2 Kf6 44. Ke3 Ke5 45. Bg6 a5 46. Bh7 c6 47. Bg6
d5 48. Be8 Kf5 49. Bd7+ Kg5 50. Be8 Kf6 51. Bh5 Nc2+ 52. Kxf3 Nb4 53. Be8 Nxa2
54. Bxc6 d4 55. Be4 Ke5 56. Bc2 Nb4 57. Bb1 Nc6 58. Bd3 Ne7 59. Kg4 Ng8 60. Bb1
Nf6+ 61. Kf3 Nh5 62. Kg4 Nf4 63. Bc2 d3 64. Bd1 Ke4 65. Kxh4 Ke3 66. Kg4 Nxh3
0-1

[Event "4NCL/Div1/WWKS vs. BET"]
[Site "West Bromwich ENG"]
[Date "2003.10.18"]
[Round "1.1"]
[White "Thomas, Nicholas"]
[Black "Ledger, Andrew J"]
[Result "1/2-1/2"]
[WhiteElo "2263"]
[BlackElo "2443"]
[PlyCount "44"]
[EventDate "2003.10.18"]

1. e4 e6 2. d4 d5 3. Nc3 dxe4 4. Nxe4 Nd7 5. Nf3 Ngf6 6. Nxf6+ Nxf6 7. Bd3 c5
8. dxc5 Bxc5 9. O-O O-O 10. Qe2 b6 11. Rd1 Qc7 12. Bg5 Bb7 13. Bxf6 gxf6 14.
Be4 Rfd8 15. Bxb7 Qxb7 16. Ne1 Qe7 17. Nd3 Bd6 18. Rd2 Rd7 19. Rad1 Rad8 20.
Qg4+ Kh8 21. Nf4 f5 22. Qf3 Bxf4 1/2-1/2

[Event "4NCL/Div1/WWKS vs. BET"]
[Site "West Bromwich ENG"]
[Date "2003.10.18"]
[Round "1.2"]
[White "Michelakis, George"]
[Black "Dighton, Simon"]
[Result "1/2-1/2"]
[WhiteElo "2432"]
[BlackElo "2247"]
[PlyCount "70"]
[EventDate "2003.10.18"]

1. d4 Nf6 2. c4 e6 3. g3 d5 4. Nf3 Be7 5. Bg2 O-O 6. O-O dxc4 7. Qc2 a6 8. a4
Nbd7 9. Qxc4 b5 10. Qd3 Bb7 11. Bg5 c5 12. axb5 Be4 13. Qe3 cxd4 14. Qxd4 axb5
15. Nc3 Rxa1 16. Rxa1 Bc6 17. Ne5 Nxe5 18. Qxe5 Bxg2 19. Kxg2 b4 20. Ne4 Nxe4
21. Bxe7 Qxe7 22. Qxe4 h6 23. h4 Qc5 24. Ra4 Rb8 25. g4 g5 26. h5 Kg7 27. e3
Kg8 28. Kh2 Qd6+ 29. Kg2 Qc5 30. Ra6 Rc8 31. Qb7 Qc4 32. Kg3 Qc1 33. Kh2 Qc2
34. Kg3 Qc1 35. Kh2 Qc2 1/2-1/2

[Event "4NCL/Div1/WWKS vs. BET"]
[Site "West Bromwich ENG"]
[Date "2003.10.18"]
[Round "1.3"]
[White "Hynes, Anthony"]
[Black "Pert, Richard G"]
[Result "1/2-1/2"]
[WhiteElo "2289"]
[BlackElo "2408"]
[PlyCount "46"]
[EventDate "2003.10.18"]

1. e4 c5 2. Nf3 d6 3. d4 cxd4 4. Nxd4 Nf6 5. Nc3 g6 6. Be3 Bg7 7. f3 Nc6 8. Qd2
Bd7 9. Bc4 O-O 10. O-O-O Rc8 11. Bb3 Nxd4 12. Bxd4 b5 13. e5 dxe5 14. Bxe5 Bc6
15. Qxd8 Rfxd8 16. Rxd8+ Rxd8 17. Rd1 Bh6+ 18. Kb1 Rxd1+ 19. Nxd1 Nd7 20. Bd4
a6 21. c4 Bf4 22. cxb5 Bxb5 23. g3 Be5 1/2-1/2

[Event "4NCL/Div1/WWKS vs. BET"]
[Site "West Bromwich ENG"]
[Date "2003.10.18"]
[Round "1.4"]
[White "Hunt, Adam C"]
[Black "Wu, Li"]
[Result "1-0"]
[WhiteElo "2411"]
[BlackElo "2182"]
[PlyCount "119"]
[EventDate "2003.10.18"]

1. e4 c5 2. Nf3 d6 3. d4 cxd4 4. Nxd4 Nf6 5. Nc3 g6 6. Be2 Bg7 7. O-O O-O 8.
Bg5 Nc6 9. Nb3 Be6 10. Kh1 Qd7 11. Qe1 a5 12. Rd1 a4 13. Nc5 Qc8 14. Nxe6 Qxe6
15. f3 Qe5 16. Bc1 Qc5 17. a3 Rfd8 18. Bb5 d5 19. e5 Ne8 20. f4 d4 21. Qf2 Ra5
22. Bxa4 dxc3 23. Rxd8 Nxd8 24. Qxc5 Rxc5 25. b4 b5 26. bxc5 bxa4 27. Rf3 f6
28. Rxc3 fxe5 29. c6 Nc7 30. Rc4 Kf7 31. Bd2 Ke6 32. Ba5 Kd6 33. Bb4+ Ke6 34.
g3 Bf6 35. Kg2 Kd5 36. Rc5+ Ke6 37. c3 g5 38. fxg5 Bxg5 39. Kf3 Bf6 40. h4 h6
41. Ke4 Nf7 42. Ra5 Nd6+ 43. Bxd6 Kxd6 44. Rxa4 Kxc6 45. Rc4+ Kd6 46. a4 Na6
47. a5 Nc5+ 48. Ke3 e4 49. Rb4 Bxc3 50. a6 Nxa6 51. Rb6+ Kd5 52. Rxa6 Bd4+ 53.
Ke2 Bf6 54. Ra5+ Kd4 55. Rh5 Bg7 56. g4 e6 57. g5 hxg5 58. hxg5 Ke5 59. Rh7 Bf8
60. Rf7 1-0

[Event "4NCL/Div1/WWKS vs. BET"]
[Site "West Bromwich ENG"]
[Date "2003.10.18"]
[Round "1.5"]
[White "Pitcher, John"]
[Black "Ansell, Simon"]
[Result "1/2-1/2"]
[WhiteElo "2185"]
[BlackElo "2371"]
[PlyCount "83"]
[EventDate "2003.10.18"]

1. e4 c5 2. Nc3 Nc6 3. g3 g6 4. Bg2 Bg7 5. d3 d6 6. Be3 e5 7. Qd2 Nge7 8. f4
exf4 9. Bxf4 h6 10. Nf3 g5 11. Be3 Be6 12. O-O Nd4 13. Nd5 O-O 14. Nxe7+ Qxe7
15. Rae1 Nxf3+ 16. Bxf3 Bh3 17. Bg2 Bd7 18. c3 Qe6 19. d4 cxd4 20. Bxd4 Be5 21.
Rd1 Bc6 22. Bxe5 dxe5 23. Qd6 Qxd6 24. Rxd6 Rad8 25. Rfd1 Rxd6 26. Rxd6 Kg7 27.
c4 a5 28. b3 f6 29. a3 Kf7 30. Kf2 Ke7 31. Rd2 Bd7 32. c5 Be6 33. Rd6 Rd8 34.
Rxd8 Kxd8 35. b4 axb4 36. axb4 Kc7 37. Ke3 Bc4 38. Kd2 Kc6 39. Bh3 Bf7 40. Bf5
b6 41. cxb6 Kxb6 42. Kc3 1/2-1/2

[Event "4NCL/Div1/WWKS vs. BET"]
[Site "West Bromwich ENG"]
[Date "2003.10.18"]
[Round "1.6"]
[White "Ledger, David J"]
[Black "James, Russell A"]
[Result "1/2-1/2"]
[WhiteElo "2289"]
[BlackElo "2209"]
[PlyCount "40"]
[EventDate "2003.10.18"]

1. e4 e5 2. Nf3 Nc6 3. Bb5 Nf6 4. O-O Bc5 5. Nxe5 Nxe5 6. d4 a6 7. Be2 Nxe4 8.
dxe5 d5 9. exd6 Qxd6 10. Qxd6 Nxd6 11. Bf4 Be6 12. Nd2 O-O-O 13. Nb3 Bb6 14.
Rad1 Nc4 15. Bc1 a5 16. c3 Ne5 17. Bf4 Nc4 18. Bc1 Nd6 19. Bf4 Bc4 20. Rfe1
Bxe2 1/2-1/2

[Event "4NCL/Div1/WWKS vs. BET"]
[Site "West Bromwich ENG"]
[Date "2003.10.18"]
[Round "1.7"]
[White "Baruch, Andrew J D"]
[Black "Ledger, Stephen C"]
[Result "1/2-1/2"]
[WhiteElo "2106"]
[BlackElo "2211"]
[PlyCount "43"]
[EventDate "2003.10.18"]

1. e4 c5 2. Nf3 Nc6 3. Bb5 g6 4. O-O Bg7 5. Re1 Nd4 6. Nxd4 cxd4 7. c4 Nh6 8.
d3 O-O 9. Nd2 b6 10. Nf3 e6 11. Bg5 Qc7 12. Qd2 Ng4 13. h3 Ne5 14. Nxd4 Bb7 15.
Ba4 Nc6 16. Bf4 e5 17. Nb5 Qb8 18. Bg3 d6 19. Nc3 Nd4 20. f3 Qd8 21. Rf1 f5 22.
Ne2 1/2-1/2

[Event "4NCL/Div1/WWKS vs. BET"]
[Site "West Bromwich ENG"]
[Date "2003.10.18"]
[Round "1.8"]
[White "Tidman, Sophie"]
[Black "Chevannes, Sabrina"]
[Result "1/2-1/2"]
[WhiteElo "2123"]
[BlackElo "2052"]
[PlyCount "81"]
[EventDate "2003.10.18"]

1. e4 c6 2. d4 d5 3. e5 c5 4. dxc5 Nc6 5. Bb5 e6 6. Be3 Nge7 7. c3 Nf5 8. Bd4
Nfxd4 9. cxd4 Bd7 10. Nc3 b6 11. Nf3 bxc5 12. Rc1 Nxd4 13. Nxd4 cxd4 14. Bxd7+
Qxd7 15. Qxd4 Be7 16. O-O O-O 17. Qg4 Qb7 18. Rc2 Rac8 19. Rfc1 Rc4 20. Qf3 Qc7
21. b3 Rc5 22. Qe3 d4 23. Qxd4 Rd8 24. Qe3 Rxe5 25. Nd5 Qxc2 26. Rxc2 Rxe3 27.
Nxe7+ Kf8 28. fxe3 Kxe7 29. Kf2 Rd5 30. b4 Kd7 31. a4 Rd3 32. b5 Ra3 33. Rc4 g5
34. g4 Kd6 35. Kf3 Kd7 36. Ke4 f6 37. h3 Ra2 38. Rd4+ Kc7 39. Rc4+ Kd7 40. Rd4+
Kc7 41. Rc4+ 1/2-1/2

[Event "4NCL/Div1/BAR1 vs. RIC"]
[Site "West Bromwich ENG"]
[Date "2003.10.18"]
[Round "1.1"]
[White "Parker, Jonathan"]
[Black "Wall, Gavin"]
[Result "1/2-1/2"]
[WhiteElo "2541"]
[BlackElo "2413"]
[PlyCount "77"]
[EventDate "2003.10.18"]

1. d4 f5 2. g3 Nf6 3. Bg2 g6 4. Nh3 c6 5. b3 d6 6. Bb2 Bg7 7. O-O O-O 8. Nd2
Qe8 9. a4 Na6 10. Nc4 h6 11. f3 g5 12. Qd2 Nc7 13. Rae1 Qg6 14. Qd3 Bd7 15. e4
fxe4 16. fxe4 Ng4 17. Ne3 Nxe3 18. Qxe3 Rxf1+ 19. Rxf1 Rf8 20. Rxf8+ Kxf8 21.
Nf2 h5 22. Bc1 h4 23. c3 hxg3 24. hxg3 g4 25. Nd3 Qf7 26. c4 b5 27. axb5 cxb5
28. d5 bxc4 29. bxc4 a5 30. Qa7 Na6 31. Be3 Bc8 32. Qb6 a4 33. Qa5 Qe8 34. e5
dxe5 35. c5 Qg6 36. Qd8+ Qe8 37. Qa5 Qg6 38. Qd8+ Qe8 39. Qa5 1/2-1/2

[Event "4NCL/Div1/BAR1 vs. RIC"]
[Site "West Bromwich ENG"]
[Date "2003.10.18"]
[Round "1.2"]
[White "Quinn, Mark"]
[Black "Ferguson, Mark"]
[Result "1/2-1/2"]
[WhiteElo "2411"]
[BlackElo "2377"]
[PlyCount "195"]
[EventDate "2003.10.18"]

1. d4 d5 2. Nf3 Nf6 3. c4 c6 4. Qb3 e6 5. Bg5 Be7 6. Nbd2 O-O 7. e3 Nbd7 8. Be2
c5 9. cxd5 Nxd5 10. Bxe7 Qxe7 11. O-O cxd4 12. Nxd4 N7b6 13. Bf3 Rd8 14. Rac1
e5 15. Nb5 Be6 16. Rfd1 a6 17. Nc7 Nxc7 18. Qxb6 Nd5 19. Qa5 Rd7 20. Nc4 Nf6
21. Rxd7 Nxd7 22. Bxb7 Rb8 23. Qc7 Qb4 24. Bc8 Bxc4 25. Bxd7 Bxa2 26. Qxe5 Rf8
27. Qc3 Qb6 28. Ba4 Be6 29. h3 Rb8 30. Rc2 g6 31. Rd2 Rc8 32. Qe5 Qb4 33. Qd4
Rc4 34. Qd8+ Kg7 35. Bd1 a5 36. f4 Rc1 37. Kh2 Rb1 38. Bf3 Rxb2 39. Rxb2 Qxb2
40. Qxa5 Qf2 41. Qe5+ Kg8 42. e4 Qe1 43. Qf6 Qe3 44. Qe5 Qe1 45. Qg5 Kg7 46. e5
h6 47. Qf6+ Kg8 48. Bc6 h5 49. h4 Qe3 50. Qd8+ Kg7 51. Qg5 Kg8 52. Bf3 Kf8 53.
Bd1 Qd2 54. Ba4 Kg8 55. Qg3 Kg7 56. Bb5 Bf5 57. Bc4 Qd4 58. Bb3 Kg8 59. Qg5 Qd3
60. Ba2 Qd2 61. Bc4 Kf8 62. e6 fxe6 63. Qf6+ Kg8 64. Bxe6+ Bxe6 65. Qxg6+ Kf8
66. Qxe6 Qxf4+ 67. Kh3 Kg7 68. Qd7+ Kh6 69. Qc6+ Kh7 70. Qf3 Qe5 71. Qg3 Qf5+
72. Kh2 Kh6 73. Qe3+ Kh7 74. Kg1 Kg6 75. Qg3+ Kh7 76. Qf3 Qe5 77. Kf1 Qa1+ 78.
Ke2 Qb2+ 79. Ke3 Qc3+ 80. Kf4 Qf6+ 81. Kg3 Qe5+ 82. Qf4 Qc3+ 83. Kh2 Qc5 84.
Qe4+ Kh6 85. Kg3 Qc3+ 86. Kf4 Qf6+ 87. Ke3 Qc3+ 88. Ke2 Qb2+ 89. Kd3 Qb3+ 90.
Ke2 Qb2+ 91. Kf3 Qb5 92. Qe6+ Kg7 93. Qe7+ Kg6 94. Qe4+ Kh6 95. Kf4 Qb8+ 96.
Qe5 Qb4+ 97. Qe4 Qb8+ 98. Kf3 1/2-1/2

[Event "4NCL/Div1/BAR1 vs. RIC"]
[Site "West Bromwich ENG"]
[Date "2003.10.18"]
[Round "1.3"]
[White "Palliser, Richard"]
[Black "Bates, Richard A"]
[Result "1-0"]
[WhiteElo "2403"]
[BlackElo "2376"]
[PlyCount "72"]
[EventDate "2003.10.18"]

1. d4 Nf6 2. c4 e6 3. Nf3 c5 4. d5 exd5 5. cxd5 d6 6. Nc3 g6 7. Bf4 a6 8. e4 b5
9. Bd3 Bg4 10. h3 Bxf3 11. Qxf3 Bg7 12. O-O O-O 13. Rfe1 Ne8 14. a4 b4 15. Nd1
Nd7 16. Qe2 Qf6 17. Qd2 Qe7 18. Ne3 Ne5 19. Bf1 Nf6 20. Bxe5 Nxe4 21. Qd3 Bxe5
22. Nc4 f5 23. f3 Nf6 24. Nxe5 dxe5 25. d6 Qe6 26. Qc4 Qxc4 27. Bxc4+ Kh8 28.
Rxe5 Nd7 29. Re7 Nb6 30. Be6 Rad8 31. a5 Na8 32. Rd1 Rfe8 33. Kf2 Rf8 34. Ke3
Rfe8 35. Kf4 Rf8 36. Kg5 f4 1-0

[Event "4NCL/Div1/BAR1 vs. RIC"]
[Site "West Bromwich ENG"]
[Date "2003.10.18"]
[Round "1.4"]
[White "Van de Griendt, Jan W"]
[Black "Collinson, Adam"]
[Result "1/2-1/2"]
[WhiteElo "2373"]
[BlackElo "2391"]
[PlyCount "60"]
[EventDate "2003.10.18"]

1. d4 Nf6 2. c4 g6 3. Nc3 Bg7 4. e4 d6 5. f3 O-O 6. Be3 Nc6 7. Nge2 a6 8. Qd2
Rb8 9. d5 Ne5 10. Nd4 c5 11. Nc2 e6 12. a4 exd5 13. cxd5 Nh5 14. Be2 f5 15.
exf5 gxf5 16. f4 Ng4 17. Bxg4 Qh4+ 18. g3 Qxg4 19. O-O Bd7 20. Qd1 Qg6 21. Qf3
Rfe8 22. Bd2 Nf6 23. Rfe1 Ng4 24. a5 Qh5 25. Qg2 Rxe1+ 26. Rxe1 Re8 27. h3 Nf6
28. Rxe8+ Qxe8 29. Ne3 Nh5 30. Nc4 Qg6 1/2-1/2

[Event "4NCL/Div1/BAR1 vs. RIC"]
[Site "West Bromwich ENG"]
[Date "2003.10.18"]
[Round "1.5"]
[White "Knott, Simon"]
[Black "Hinks-Edwards, Thomas"]
[Result "1/2-1/2"]
[WhiteElo "2370"]
[BlackElo "2357"]
[PlyCount "86"]
[EventDate "2003.10.18"]

1. Nf3 Nf6 2. c4 b6 3. g3 c5 4. Bg2 Bb7 5. O-O e6 6. Nc3 Be7 7. Re1 a6 8. e4 d6
9. d4 cxd4 10. Nxd4 Qc7 11. Be3 O-O 12. Rc1 Nbd7 13. f4 Rfe8 14. g4 g6 15. g5
Nh5 16. Nde2 Rac8 17. b3 Qb8 18. Ng3 Nxg3 19. hxg3 Bc6 20. Qg4 Bf8 21. Nd5 Bg7
22. Nb4 Bb7 23. Qd1 Nc5 24. Bf2 Rcd8 25. Nd3 Qa8 26. Qe2 Nd7 27. Bf3 a5 28. Kg2
Bc6 29. Red1 Qb7 30. g4 b5 31. c5 d5 32. e5 b4 33. Bd4 Ra8 34. Qd2 Bb5 35. Be2
Rec8 36. Rc2 Bf8 37. Rdc1 Rc7 38. Nb2 Rac8 39. Bxb5 Qxb5 40. Qd3 Qxd3 41. Nxd3
h6 42. gxh6 Bxh6 43. Kf3 Bf8 1/2-1/2

[Event "4NCL/Div1/BAR1 vs. RIC"]
[Site "West Bromwich ENG"]
[Date "2003.10.18"]
[Round "1.6"]
[White "Webb, Laurence E"]
[Black "Dishman, Stephen"]
[Result "1/2-1/2"]
[WhiteElo "2328"]
[BlackElo "2323"]
[PlyCount "101"]
[EventDate "2003.10.18"]

1. e4 c5 2. Nf3 g6 3. Nc3 Bg7 4. Bc4 Nc6 5. O-O e6 6. d3 Nge7 7. Re1 d6 8. a4
O-O 9. Bg5 h6 10. Bh4 b6 11. Ba2 a6 12. Bg3 Rb8 13. Qd2 b5 14. axb5 axb5 15. e5
d5 16. d4 Qb6 17. Ne2 Nf5 18. c3 b4 19. Bb1 Nxg3 20. Nxg3 Na5 21. Qf4 Nb3 22.
Ra2 Ba6 23. Bc2 Bc4 24. Bxb3 Bxb3 25. Raa1 cxd4 26. cxd4 Rbc8 27. Qe3 Bc2 28.
h4 Rc4 29. Rec1 Rfc8 30. Nd2 R4c6 31. Nf3 Bf8 32. h5 g5 33. Ne2 b3 34. Nh2 Qb5
35. Ng4 Bg7 36. f4 Qd3 37. Qxd3 Bxd3 38. Rxc6 Rxc6 39. Rc1 Bxe2 40. Rxc6 Bxg4
41. Rc8+ Kh7 42. Rb8 gxf4 43. Rxb3 Bxh5 44. Rb7 Kg6 45. b4 Be2 46. b5 Bxb5 47.
Rxb5 f6 48. exf6 Bxf6 49. Rb4 Kf5 50. Kf1 Ke4 51. Rb6 1/2-1/2

[Event "4NCL/Div1/BAR1 vs. RIC"]
[Site "West Bromwich ENG"]
[Date "2003.10.18"]
[Round "1.7"]
[White "D'Costa, Lorin A R"]
[Black "Franklin, Michael J"]
[Result "1-0"]
[WhiteElo "2351"]
[BlackElo "2224"]
[PlyCount "67"]
[EventDate "2003.10.18"]

1. d4 Nf6 2. c4 e6 3. Nf3 Bb4+ 4. Bd2 Qe7 5. g3 O-O 6. Bg2 Bxd2+ 7. Nbxd2 d6 8.
O-O e5 9. e4 Nc6 10. d5 Nd8 11. Ne1 Ne8 12. Nd3 f5 13. f4 Nf7 14. Qb3 g6 15.
Rae1 Ng7 16. Qc3 Re8 17. Kh1 Nh5 18. fxe5 dxe5 19. exf5 gxf5 20. Nxe5 Nxe5 21.
Nf3 Qg7 22. Rxe5 Rf8 23. Nh4 Qg4 24. Qf3 Ng7 25. Qxg4 fxg4 26. Rxf8+ Kxf8 27.
Be4 Kf7 28. Bxh7 Kf6 29. Re2 Bd7 30. Rf2+ Ke7 31. Ng6+ Kd6 32. Rf6+ Kc5 33. Rf7
Re8 34. Nf4 1-0